[Event "4NCL/Div2/GUI2 vs. KHE"]
[Site "West Bromwich ENG"]
[Date "2003.10.18"]
[Round "1.4"]
[White "O'Shaughnessy, Conor"]
[Black "Richardson, Keith B"]
[Result "1/2-1/2"]
[WhiteElo "2202"]
[BlackElo "2219"]
[PlyCount "103"]
[EventDate "2003.10.18"]

1. Nf3 g6 2. d4 Bg7 3. e4 d6 4. h3 Nf6 5. Nc3 O-O 6. Bg5 a6 7. Bd3 Nc6 8. O-O
Nb4 9. Be2 d5 10. exd5 Bf5 11. Nh4 Bc8 12. Qd2 Nbxd5 13. Nxd5 Qxd5 14. Bf3 Ne4
15. Bxe4 Qxe4 16. c3 f6 17. Rfe1 Qd5 18. Bh6 Rf7 19. Bxg7 Kxg7 20. Qe3 Bd7 21.
b3 b5 22. Rac1 Rb8 23. c4 bxc4 24. Rxc4 c6 25. Nf3 Qa5 26. Ra4 Qb5 27. Rc1 Rd8
28. Rc5 Qb6 29. h4 h5 30. Nd2 Bc8 31. Raa5 e6 32. Qc3 Bb7 33. Ra4 Rd5 34. Rb4
Qc7 35. g3 Rfd7 36. Nf1 Rxc5 37. Qxc5 Rd5 38. Qa7 Rd7 39. Ne3 Bc8 40. Qc5 Qd6
41. Qc3 Kf7 42. Rb6 Qxd4 43. Qxc6 Re7 44. Nc4 Bd7 45. Qd6 Qa1+ 46. Kg2 Bb5 47.
Rb8 Qe1 48. Qd8 Bc6+ 49. f3 Qe2+ 50. Kg1 Qe1+ 51. Kg2 Qe2+ 52. Kg1 1/2-1/2

[Event "4NCL/Div2/GUI2 vs. KHE"]
[Site "West Bromwich ENG"]
[Date "2003.10.18"]
[Round "1.5"]
[White "Jackson, Adrian"]
[Black "Okike, David C"]
[Result "1/2-1/2"]
[WhiteElo "2217"]
[BlackElo "2172"]
[PlyCount "135"]
[EventDate "2003.10.18"]

1. e4 e6 2. d4 d5 3. Nc3 Nf6 4. e5 Nfd7 5. Nce2 c5 6. c3 b5 7. f4 Nc6 8. Nf3
Qb6 9. Be3 b4 10. c4 dxc4 11. d5 Nd8 12. Ng3 Ba6 13. Be2 Qb7 14. dxe6 fxe6 15.
O-O Be7 16. Qc2 O-O 17. Bxc4 Bxc4 18. Qxc4 Nb6 19. Qe2 Nd5 20. Nd2 Rc8 21. Nc4
Qb5 22. b3 Qd7 23. Ne4 Nf7 24. Rac1 Nh6 25. Ncd6 Bxd6 26. Nxd6 Rc6 27. g3 Nc3
28. Qc2 Rxd6 29. exd6 Qxd6 30. Rce1 Nf5 31. Bf2 Rc8 32. Re5 g6 33. Rfe1 Ng7 34.
Kg2 a5 35. R5e3 Rc6 36. Rd3 Qc7 37. Qd2 Nd5 38. Kg1 c4 39. bxc4 Rxc4 40. h3 Rc2
41. Qd1 Qc6 42. Rd2 Rc3 43. Qe2 Kf7 44. Qe4 Nh5 45. Kh2 a4 46. Rd3 Rc2 47. Re2
Rc1 48. Bd4 a3 49. Qf3 Qc4 50. Qe4 Qc6 51. Rf3 Rc4 52. Qe3 Rc1 53. Be5 Rc4 54.
Ref2 Qc5 55. g4 Nhf6 56. Bxf6 Kxf6 57. f5 exf5 58. gxf5 g5 59. Rd2 Rc3 60. Qe2
Nf4 61. Rxf4 Re3 62. Qa6+ Kf7 63. Qb7+ Re7 64. Qxb4 Qe5 65. Qc4+ Kf6 66. Qd4
Kf7 67. Qc4+ Kf6 68. Qc6+ 1/2-1/2

[Event "4NCL/Div2/GUI2 vs. KHE"]
[Site "West Bromwich ENG"]
[Date "2003.10.18"]
[Round "1.6"]
[White "Mackenzie, Colin"]
[Black "Coates, Kenneth G"]
[Result "1/2-1/2"]
[WhiteElo "2147"]
[BlackElo "2184"]
[PlyCount "91"]
[EventDate "2003.10.18"]

1. Nf3 d5 2. c4 c6 3. g3 Nf6 4. Bg2 Bf5 5. cxd5 cxd5 6. O-O Nc6 7. d3 e6 8. Qa4
Bc5 9. Bg5 Qb6 10. Bxf6 gxf6 11. e4 dxe4 12. dxe4 Bg6 13. Nbd2 O-O 14. a3 Rfd8
15. Nc4 Qc7 16. b4 Be7 17. Rac1 Bxe4 18. Ne3 Qb6 19. Nc4 Qa6 20. Qxa6 bxa6 21.
Rfe1 f5 22. Nfe5 Bxg2 23. Kxg2 Rac8 24. Nxc6 Rxc6 25. Na5 Rxc1 26. Rxc1 Rd3 27.
Nc6 Bf6 28. a4 Rb3 29. Rc4 Ra3 30. a5 Rc3 31. Rxc3 Bxc3 32. Nxa7 Bxb4 33. Nc6
Bc3 34. Nb8 Bxa5 35. Nxa6 e5 36. Nc5 Kg7 37. Nd3 Bc7 38. Ne1 Kf6 39. Nc2 Bb6
40. Ne1 e4 41. Kf1 f4 42. gxf4 Kf5 43. f3 exf3 44. Nxf3 Kxf4 45. Kg2 f5 46. Nh4
1/2-1/2

[Event "4NCL/Div2/GUI2 vs. KHE"]
[Site "West Bromwich ENG"]
[Date "2003.10.18"]
[Round "1.7"]
[White "Punnett, Alan K"]
[Black "Gilfillan, Andrew"]
[Result "1/2-1/2"]
[WhiteElo "2139"]
[BlackElo "2024"]
[PlyCount "97"]
[EventDate "2003.10.18"]

1. e4 d5 2. exd5 Nf6 3. d4 Bg4 4. Be2 Bxe2 5. Qxe2 Qxd5 6. Nf3 Nc6 7. O-O e6 8.
Nc3 Qf5 9. Rd1 O-O-O 10. Be3 Rg8 11. a3 g5 12. Qd3 Qg4 13. Qb5 a6 14. Qa4 Bd6
15. b4 Nd5 16. Nxd5 exd5 17. b5 Nb8 18. bxa6 Nxa6 19. Rab1 c6 20. c4 Qf5 21.
Qb3 Rd7 22. Ne5 Bxe5 23. dxe5 dxc4 24. Qxc4 Rgd8 25. Qe2 Qxe5 26. Rxd7 Rxd7 27.
Qg4 h6 28. h4 f5 29. Qc4 f4 30. Bb6 Nc7 31. hxg5 hxg5 32. Qg8+ Rd8 33. Bxc7
Qxc7 34. Qxg5 Re8 35. Rd1 Kb8 36. Qf5 c5 37. Rc1 c4 38. Qd5 Rc8 39. Rc3 Qc5 40.
Qxc5 Rxc5 41. Kf1 Kc7 42. Ke2 Kd6 43. Kd2 Ke5 44. g3 b5 45. Rf3 fxg3 46. Rxg3
Kf4 47. Kc3 Rg5 48. Rh3 Rg1 49. a4 1/2-1/2

[Event "4NCL/Div2/GUI2 vs. KHE"]
[Site "West Bromwich ENG"]
[Date "2003.10.18"]
[Round "1.8"]
[White "Beilschmidt, Eva"]
[Black "Coates, Christine (res)"]
[Result "1-0"]
[WhiteElo "1424"]
[BlackElo "976"]
[PlyCount "103"]
[EventDate "2003.10.18"]

1. e4 d5 2. exd5 Qxd5 3. Nc3 Qd6 4. Nf3 Nf6 5. d4 a6 6. Be2 Nc6 7. a3 Bg4 8.
Be3 O-O-O 9. Ng5 Be6 10. Nxe6 fxe6 11. Bc4 Nd5 12. Ne4 Qd7 13. Nc5 Qd6 14. Qg4
Nxe3 15. Bxe6+ Kb8 16. fxe3 h5 17. Qh3 Na7 18. O-O-O g5 19. Ne4 g4 20. Bxg4 Qh6
21. Be2 e6 22. Bc4 Bd6 23. Bxe6 Rhe8 24. d5 Be5 25. Rhe1 Qh8 26. c3 Bd6 27.
Nxd6 Rxd6 28. Rd4 Red8 29. Red1 Qe5 30. Bf7 Nb5 31. R4d3 c6 32. Qxh5 Qxh5 33.
Bxh5 c5 34. c4 Nc7 35. Bf3 Ne8 36. h4 Nf6 37. g4 Kc7 38. e4 Nd7 39. Re3 Ne5 40.
Be2 Kb6 41. Rg1 Rg8 42. g5 Kc7 43. h5 Kd8 44. Rh3 Ke7 45. b3 a5 46. g6 Kf6 47.
Rf1+ Kg5 48. Rf5+ Kh6 49. Rxe5 Rf6 50. Rg3 Rg7 51. Re8 Rfxg6 52. Rh8+ 1-0

[Event "4NCL/Div2/WRO vs. BRI1"]
[Site "West Bromwich ENG"]
[Date "2003.10.18"]
[Round "1.1"]
[White "Gayson, Peter M"]
[Black "Cobb, Charles"]
[Result "1/2-1/2"]
[WhiteElo "2239"]
[BlackElo "2393"]
[PlyCount "61"]
[EventDate "2003.10.18"]

1. e4 e6 2. d4 d5 3. Nd2 dxe4 4. Nxe4 Bd7 5. Nf3 Bc6 6. Bd3 Nd7 7. O-O Ngf6 8.
Qe2 Be7 9. Re1 Bxe4 10. Bxe4 Nxe4 11. Qxe4 c6 12. Qg4 Bf6 13. Bg5 O-O 14. h4
Qb6 15. b3 Rad8 16. Rad1 Rfe8 17. Rd3 Qa5 18. a4 Bxg5 19. hxg5 Nf8 20. Re2 Ng6
21. Ne5 Nxe5 22. Rxe5 Rd5 23. Qe4 Red8 24. f4 Qb6 25. Rxd5 Rxd5 26. c4 Rd8 27.
Kh1 g6 28. Qe5 Qb4 29. Qf6 Qd6 30. Qe5 Qb4 31. Qf6 1/2-1/2

[Event "4NCL/Div2/WRO vs. BRI1"]
[Site "West Bromwich ENG"]
[Date "2003.10.18"]
[Round "1.2"]
[White "Beaumont, Chris"]
[Black "Hutchinson, Paul"]
[Result "1/2-1/2"]
[WhiteElo "2336"]
[BlackElo "2255"]
[PlyCount "98"]
[EventDate "2003.10.18"]

1. Nf3 d5 2. d4 Nf6 3. c4 e6 4. g3 c6 5. Qc2 Nbd7 6. Bg2 Bd6 7. O-O O-O 8. Nbd2
e5 9. cxd5 cxd5 10. dxe5 Nxe5 11. Nxe5 Bxe5 12. Nf3 Bd6 13. Be3 h6 14. Rac1 Re8
15. Rfd1 Qe7 16. Bd4 Be6 17. Bc5 Bxc5 18. Qxc5 Qxc5 19. Rxc5 Rac8 20. Rdc1 Rxc5
21. Rxc5 Rc8 22. Rxc8+ Bxc8 23. Nd4 Bd7 24. f4 Kf8 25. h3 h5 26. Kf2 Ke7 27.
Ke3 Kd6 28. Nb3 b6 29. Kd4 g6 30. Nd2 Be6 31. a3 Ng8 32. Nf1 Ne7 33. Ne3 a5 34.
g4 hxg4 35. hxg4 b5 36. Bf3 f6 37. Nc2 Nc6+ 38. Kc3 Kc5 39. b4+ axb4+ 40. axb4+
Nxb4 41. Nxb4 d4+ 42. Kd3 {(=)} 42... Kxb4 43. Kxd4 Ka3 44. e4 b4 45. f5 gxf5
46. exf5 Bb3 47. Kc5 Bc2 48. Bd5 Bd1 49. Kd6 Bxg4 1/2-1/2

[Event "4NCL/Div2/WRO vs. BRI1"]
[Site "West Bromwich ENG"]
[Date "2003.10.18"]
[Round "1.3"]
[White "Burnett, Jim"]
[Black "Sherwin, James T"]
[Result "1/2-1/2"]
[WhiteElo "2205"]
[BlackElo "2309"]
[PlyCount "56"]
[EventDate "2003.10.18"]

1. d4 f5 2. Nf3 Nf6 3. g3 g6 4. Bg2 Bg7 5. O-O O-O 6. Nc3 d5 7. e3 e6 8. b3 c5
9. Bb2 Nc6 10. Ne2 Ne4 11. Nf4 Qe7 12. Nd3 b6 13. Nfe5 Nxe5 14. Nxe5 Ba6 15.
Re1 Rac8 16. f3 Nd6 17. a4 Qc7 18. Rc1 Rfd8 19. Qd2 Bb7 20. Qe2 c4 21. Bf1 a6
22. Ba3 Nf7 23. Nxf7 Qxf7 24. f4 a5 25. Rb1 cxb3 26. cxb3 Rc6 27. Qd2 Rdc8 28.
Rec1 Bf8 1/2-1/2

[Event "4NCL/Div2/WRO vs. BRI1"]
[Site "West Bromwich ENG"]
[Date "2003.10.18"]
[Round "1.4"]
[White "Buckley, Simon T"]
[Black "Taylor, Robert K"]
[Result "1-0"]
[WhiteElo "2291"]
[BlackElo "2171"]
[PlyCount "59"]
[EventDate "2003.10.18"]

1. d4 d5 2. c4 e5 3. Nf3 Nc6 4. cxd5 Bb4+ 5. Bd2 Bxd2+ 6. Qxd2 Nxd4 7. Nxd4
exd4 8. Qxd4 Nf6 9. Qe5+ Qe7 10. Qxe7+ Kxe7 11. Nc3 Bd7 12. e4 Kd6 13. f3 a6
14. O-O-O Rhe8 15. Bd3 b5 16. Rhe1 b4 17. Ne2 Ba4 18. b3 Bd7 19. Nd4 Kc5 20.
Bc4 g6 21. Ne2 Re7 22. Nf4 Bb5 23. Nd3+ Kb6 24. Nxb4 Bxc4 25. bxc4 Kc5 26. Nc6
Rd7 27. Re2 Re8 28. Re3 g5 29. Ra3 Kxc4 30. Ra5 1-0

[Event "4NCL/Div2/WRO vs. BRI1"]
[Site "West Bromwich ENG"]
[Date "2003.10.18"]
[Round "1.5"]
[White "Barrett, Steve J"]
[Black "Rudd, Jack"]
[Result "0-1"]
[WhiteElo "2146"]
[BlackElo "2245"]
[PlyCount "142"]
[EventDate "2003.10.18"]

1. d4 Nf6 2. c4 e6 3. Nc3 Bb4 4. Nf3 b6 5. g3 Bb7 6. Bg2 O-O 7. O-O Bxc3 8.
bxc3 d6 9. h3 Be4 10. Be3 c5 11. Nd2 Bxg2 12. Kxg2 Nc6 13. Qc2 Na5 14. Rac1 h6
15. Rfd1 Qc8 16. Qd3 e5 17. f3 Qe6 18. Bf2 Rae8 19. d5 Qd7 20. e4 Nh7 21. g4
Rb8 22. Nb3 Qa4 23. Nxa5 bxa5 24. Rd2 Rb7 25. Be3 Nf6 26. f4 Nd7 27. f5 Rfb8
28. Rcc2 Nb6 29. Rf2 Qxc4 30. Qxc4 Nxc4 31. Bc1 f6 32. Kf3 Rb1 33. Ke2 a4 34.
Kd3 Na5 35. c4 R8b4 36. Bd2 Rd1 37. Ke2 Rxd2+ 38. Kxd2 Nxc4+ 39. Kc1 Ne3 40.
Rb2 Rxe4 41. Rb8+ Kh7 42. Rd8 Nc4 43. Rf3 Rd4 44. Rg3 e4 45. h4 Rd3 46. Rg1
Rc3+ 47. Kb1 g5 48. hxg5 fxg5 49. Rd7+ Kg8 50. Rc1 Nd2+ 51. Kb2 Rd3 52. Rxd6
a3+ 53. Kc2 Nc4 54. Rd8+ Kf7 55. Re1 Ne3+ 56. Rxe3 Rxe3 57. Rd7+ Kf6 58. Rxa7
Ke5 59. Rd7 Rd3 60. Rh7 Kxd5 61. Rd7+ Ke5 62. Re7+ Kf4 63. f6 Rf3 64. f7 Kxg4
65. Rxe4+ Kh5 66. Re3 Rxf7 67. Rxa3 Rf2+ 68. Kd1 g4 69. Ra5 Kh4 70. a4 g3 71.
Ke1 Ra2 0-1

[Event "4NCL/Div2/WRO vs. BRI1"]
[Site "West Bromwich ENG"]
[Date "2003.10.18"]
[Round "1.6"]
[White "Collier, David O"]
[Black "van Kemenade, Rudy"]
[Result "0-1"]
[WhiteElo "2225"]
[BlackElo "2140"]
[PlyCount "68"]
[EventDate "2003.10.18"]

1. d4 Nf6 2. Bg5 c5 3. Bxf6 gxf6 4. d5 Qb6 5. Qc1 f5 6. g3 Bg7 7. c3 h5 8. h4
e5 9. Bg2 Qg6 10. e3 d6 11. Ne2 Nd7 12. Na3 a6 13. Nc4 b5 14. Na5 c4 15. b4
cxb3 16. axb3 Nc5 17. Qc2 f4 18. e4 f3 19. Bxf3 f5 20. b4 Nxe4 21. Ra3 Bh6 22.
Bxe4 fxe4 23. c4 O-O 24. Nc6 Qf6 25. Rh2 Bf5 26. cxb5 axb5 27. Qa2 Rxa3 28.
Qxa3 Bg4 29. Qb2 Qf3 30. Qc2 Qd3 31. Qb2 Rf7 32. Nc3 e3 33. f4 exf4 34. gxf4
Bxf4 0-1

[Event "4NCL/Div2/WRO vs. BRI1"]
[Site "West Bromwich ENG"]
[Date "2003.10.18"]
[Round "1.7"]
[White "Cumbers, Paul"]
[Black "Buckley, David E"]
[Result "0-1"]
[WhiteElo "2108"]
[BlackElo "2203"]
[PlyCount "76"]
[EventDate "2003.10.18"]

1. e4 c5 2. Nf3 d6 3. d4 cxd4 4. Nxd4 Nf6 5. Nc3 Nc6 6. g3 Bg4 7. f3 Bd7 8. Be3
e6 9. Nb3 Be7 10. f4 a6 11. a4 Qc7 12. Bg2 O-O 13. O-O Rfe8 14. g4 h6 15. h4 h5
16. gxh5 Na5 17. Nxa5 Qxa5 18. Bf3 Bc6 19. Kh2 e5 20. f5 d5 21. Nxd5 Bxd5 22.
exd5 e4 23. Bg2 Nxd5 24. Qe2 Nxe3 25. Qxe3 Qe5+ 26. Kh3 Bd6 27. Kg4 Qxb2 28. h6
Rac8 29. hxg7 Rc3 30. Qh6 Rg3+ 31. Kh5 Rxg7 32. Qxd6 Rxg2 33. Rg1 Qxc2 34.
Rxg2+ Qxg2 35. Qd4 Qf3+ 36. Kh6 Qf4+ 37. Kh5 Qxf5+ 38. Kh6 Qg6# 0-1

[Event "4NCL/Div2/WRO vs. BRI1"]
[Site "West Bromwich ENG"]
[Date "2003.10.18"]
[Round "1.8"]
[White "Ashby, Ann-Marie"]
[Black "van Kemenade, Julie"]
[Result "1-0"]
[WhiteElo "2082"]
[BlackElo "1680"]
[PlyCount "65"]
[EventDate "2003.10.18"]

1. e4 d6 2. d4 g6 3. Nf3 Bg7 4. Nc3 Nd7 5. Bc4 Ngf6 6. Bxf7+ Kxf7 7. Ng5+ Kg8
8. Ne6 Qe8 9. Nxc7 Qd8 10. Nxa8 Nf8 11. Bg5 Be6 12. e5 Ne8 13. d5 Bf5 14. g4 h6
15. Be3 Bd7 16. e6 Nxe6 17. dxe6 Bxe6 18. Bxa7 Qxa8 19. Bd4 b6 20. Rg1 Nf6 21.
Qe2 Kf7 22. f3 Rc8 23. Rd1 Qb7 24. Kf2 Bc4 25. Qe3 b5 26. b3 Be6 27. Rge1 Qd7
28. Rd2 Rxc3 29. Bxc3 Nd5 30. Rxd5 Bxc3 31. Qxe6+ Qxe6 32. Rxe6 Kxe6 33. Rxb5
1-0

[Event "4NCL/Div2/BAR3 vs. SWD1"]
[Site "West Bromwich ENG"]
[Date "2003.10.18"]
[Round "1.1"]
[White "Coleman, David"]
[Black "Cobb, James E"]
[Result "1/2-1/2"]
[WhiteElo "2240"]
[BlackElo "2321"]
[PlyCount "54"]
[EventDate "2003.10.18"]

1. e4 e6 2. d4 d5 3. Nc3 Nf6 4. Bg5 dxe4 5. Nxe4 Be7 6. Bxf6 gxf6 7. Nf3 a6 8.
Qd2 b5 9. Qf4 Bb7 10. O-O-O Nd7 11. Kb1 f5 12. Ng3 Bd6 13. Qd2 f4 14. Ne2 Qf6
15. Nc1 O-O-O 16. a4 b4 17. Nb3 Qf5 18. Bd3 Qd5 19. Qe2 Qc6 20. a5 Nf6 21. Nfd2
Rhg8 22. f3 Rg7 23. Ne4 Nxe4 24. Bxe4 Qb5 25. Bd3 Qc6 26. Be4 Qb5 27. Bd3 Qc6
1/2-1/2

[Event "4NCL/Div2/BAR3 vs. SWD1"]
[Site "West Bromwich ENG"]
[Date "2003.10.18"]
[Round "1.2"]
[White "Cooper, John G"]
[Black "Roberts, Paul"]
[Result "1-0"]
[WhiteElo "2310"]
[BlackElo "2241"]
[PlyCount "67"]
[EventDate "2003.10.18"]

1. d4 c5 2. d5 Nf6 3. c4 b5 4. cxb5 a6 5. bxa6 Bxa6 6. Nc3 d6 7. g3 g6 8. Bg2
Bg7 9. Nf3 O-O 10. O-O Nbd7 11. Qc2 Qb6 12. Rb1 Ng4 13. h3 Nge5 14. Nd2 Nc4 15.
Nxc4 Bxc4 16. b3 Ba6 17. Bb2 Rfb8 18. Ne4 Qb5 19. Bxg7 Kxg7 20. Rfe1 c4 21. b4
Bb7 22. Nc3 Qa6 23. a4 e6 24. Rec1 Nf6 25. e4 exd5 26. exd5 Re8 27. Re1 Qb6 28.
Rxe8 Rxe8 29. Qd2 Re5 30. a5 Qa7 31. Ra1 Qa8 32. a6 Bxd5 33. Nxd5 Nxd5 34. a7
1-0

[Event "4NCL/Div2/BAR3 vs. SWD1"]
[Site "West Bromwich ENG"]
[Date "2003.10.18"]
[Round "1.3"]
[White "Mack, Andrew"]
[Black "Dineley, Richard D P"]
[Result "1/2-1/2"]
[WhiteElo "2269"]
[BlackElo "2269"]
[PlyCount "44"]
[EventDate "2003.10.18"]

1. e4 c5 2. Nf3 e6 3. c4 Nc6 4. Nc3 Nf6 5. Be2 d6 6. d4 cxd4 7. Nxd4 Be7 8. O-O
O-O 9. Be3 Nxd4 10. Bxd4 Bd7 11. Qd2 a6 12. f4 Bc6 13. Bf3 e5 14. Be3 b5 15.
cxb5 axb5 16. f5 Qd7 17. a3 Qb7 18. Bg5 b4 19. axb4 Rab8 20. Bxf6 Bxf6 21. Rfd1
Qxb4 22. Nd5 Bxd5 1/2-1/2

[Event "4NCL/Div2/BAR3 vs. SWD1"]
[Site "West Bromwich ENG"]
[Date "2003.10.18"]
[Round "1.4"]
[White "James, David J"]
[Black "Hodgson, John H"]
[Result "1/2-1/2"]
[WhiteElo "2258"]
[BlackElo "2209"]
[PlyCount "57"]
[EventDate "2003.10.18"]

1. d4 Nf6 2. Nf3 g6 3. c4 Bg7 4. d5 c6 5. Nc3 cxd5 6. cxd5 Qa5 7. Qb3 Nxd5 8.
Bd2 Nxc3 9. Bxc3 Bxc3+ 10. bxc3 d6 11. e4 Be6 12. Bb5+ Nc6 13. Qb2 a6 14. Bxc6+
bxc6 15. O-O O-O 16. Nd4 Rab8 17. Qd2 Bd7 18. f4 f6 19. f5 g5 20. h4 h6 21. Rf3
c5 22. Nb3 Qa4 23. hxg5 hxg5 24. e5 Bc6 25. exf6 exf6 26. Rg3 Rxb3 27. Rxg5+
fxg5 28. Qxg5+ Kh8 29. Qh6+ 1/2-1/2

[Event "4NCL/Div2/BAR3 vs. SWD1"]
[Site "West Bromwich ENG"]
[Date "2003.10.18"]
[Round "1.5"]
[White "Rich, Mark"]
[Black "Blackburn, Jonathan L B"]
[Result "1/2-1/2"]
[WhiteElo "2202"]
[BlackElo "2193"]
[PlyCount "51"]
[EventDate "2003.10.18"]

1. e4 e6 2. d4 d5 3. exd5 exd5 4. c4 c6 5. Nc3 Bb4 6. Nf3 Ne7 7. Be2 O-O 8. a3
Bxc3+ 9. bxc3 dxc4 10. Bxc4 Nd5 11. Qc2 Re8+ 12. Be2 Qe7 13. Ra2 Bg4 14. O-O
Bh5 15. c4 Nc7 16. Qb3 b6 17. h3 f6 {(=)} 18. Bf4 Ne6 19. Be3 Bf7 20. Rd2 Nd7
21. Bd3 b5 22. Qc2 bxc4 23. Bxc4 Qxa3 24. Bd3 Nef8 25. Qxc6 Nb6 26. Qc5 1/2-1/2

[Event "4NCL/Div2/BAR3 vs. SWD1"]
[Site "West Bromwich ENG"]
[Date "2003.10.18"]
[Round "1.6"]
[White "Saunders, John C"]
[Black "Williamson, Paul L"]
[Result "0-1"]
[WhiteElo "2195"]
[BlackElo "2134"]
[PlyCount "80"]
[EventDate "2003.10.18"]

1. e4 c6 2. c4 e5 3. Nf3 d6 4. d4 Qc7 5. Nc3 Bg4 6. Be2 Nf6 7. O-O Nbd7 8. Be3
Be7 9. Qd2 O-O 10. Rad1 Rad8 11. Ne1 Bxe2 12. Qxe2 Rfe8 13. g4 Nf8 14. g5 N6d7
15. d5 c5 16. Ng2 f6 17. h4 Ng6 18. Qg4 Ndf8 19. h5 Nh8 20. Nh4 fxg5 21. Bxg5
Bxg5 22. Qxg5 Nf7 23. Qg3 Nh6 24. f4 Qd7 25. f5 Re7 26. Rd2 Kh8 27. Rg2 Rf7 28.
f6 a6 29. Qe3 Ng4 30. Qg5 Nxf6 31. Nf5 Ne8 32. Nxg7 Rxf1+ 33. Kxf1 Nxg7 34. h6
Ng6 35. Rf2 Ne8 36. Ne2 Kg8 37. Ng3 Qe7 38. Qg4 Nf6 39. Qg5 Rf8 40. Nf5 Qd8 0-1

[Event "4NCL/Div2/BAR3 vs. SWD1"]
[Site "West Bromwich ENG"]
[Date "2003.10.18"]
[Round "1.7"]
[White "Flower, David"]
[Black "May, Frank"]
[Result "0-1"]
[WhiteElo "2121"]
[BlackElo "2153"]
[PlyCount "58"]
[EventDate "2003.10.18"]

1. e4 c6 2. d4 d5 3. e5 Bf5 4. Nc3 e6 5. g4 Bg6 6. Nge2 Ne7 7. Nf4 c5 8. Bb5+
Nec6 9. Be3 cxd4 10. Bxd4 a6 11. Bxc6+ Nxc6 12. h4 Qc7 13. Rc1 O-O-O 14. h5 Be4
15. Rh3 Nxd4 16. Qxd4 Bc5 17. Qd2 Qxe5 18. Nfe2 f5 19. Na4 Ba7 20. f4 Qd6 21.
g5 Kb8 22. b4 d4 23. Nb2 Qd5 24. a4 e5 25. fxe5 Qxe5 26. Nd3 Bxd3 27. Qxd3 Rhe8
28. Kd2 Qe4 29. Rg1 Qxe2+ 0-1

[Event "4NCL/Div2/BAR3 vs. SWD1"]
[Site "West Bromwich ENG"]
[Date "2003.10.18"]
[Round "1.8"]
[White "Cast, Abigail"]
[Black "Macnab, Louise C"]
[Result "1-0"]
[WhiteElo "2104"]
[BlackElo "1916"]
[PlyCount "65"]
[EventDate "2003.10.18"]

1. d4 d5 2. c4 c6 3. Nc3 Nf6 4. cxd5 cxd5 5. Qc2 Nc6 6. Nf3 g6 7. e3 Bg7 8. Bb5
O-O 9. O-O Bf5 10. Qa4 Qc7 11. Bd2 a6 12. Bxc6 Qxc6 13. Qxc6 bxc6 14. Na4 Nd7
15. Rfc1 Rac8 16. b4 e5 17. Bc3 Rfe8 18. dxe5 Nxe5 19. Nxe5 Bxe5 20. Bxe5 Rxe5
21. Nb6 Rc7 22. Rc5 Rce7 23. h3 Be4 24. f3 Bd3 25. Rxc6 Rxe3 26. Nxd5 Re1+ 27.
Rxe1 Rxe1+ 28. Kh2 Re2 29. Nf4 Re3 30. Nxd3 Rxd3 31. Rxa6 Kf8 32. Ra7 h6 33. b5
1-0

[Event "4NCL/Div2/WES1 vs. MMNWE2"]
[Site "West Bromwich ENG"]
[Date "2003.10.18"]
[Round "1.1"]
[White "Webb, Richard M"]
[Black "van der Linden, Lukas"]
[Result "1/2-1/2"]
[WhiteElo "2348"]
[BlackElo "2275"]
[PlyCount "48"]
[EventDate "2003.10.18"]

1. e4 c5 2. Nc3 Nc6 3. Nge2 e6 4. g3 Nf6 5. Bg2 d6 6. d4 cxd4 7. Nxd4 Bd7 8.
O-O Be7 9. Be3 O-O 10. Qe2 a6 11. Rad1 Qc7 12. a4 Rfc8 13. f4 Rab8 14. Kh1 Nxd4
15. Bxd4 Bc6 16. Rd2 Re8 17. Rfd1 Nd7 18. Qf2 b5 19. axb5 axb5 20. Ne2 Qb7 21.
e5 Bxg2+ 22. Qxg2 Qxg2+ 23. Kxg2 d5 24. Ra1 Ra8 1/2-1/2

[Event "4NCL/Div2/WES1 vs. MMNWE2"]
[Site "West Bromwich ENG"]
[Date "2003.10.18"]
[Round "1.2"]
[White "Carleton, John J"]
[Black "Simons, Martin J"]
[Result "1/2-1/2"]
[WhiteElo "2286"]
[BlackElo "2285"]
[PlyCount "127"]
[EventDate "2003.10.18"]

1. d4 Nf6 2. c4 c5 3. d5 b5 4. cxb5 a6 5. bxa6 g6 6. Nc3 Bxa6 7. f4 Bg7 8. Nf3
Qa5 9. Qd2 d6 10. e4 Nfd7 11. Bxa6 Nxa6 12. O-O Nb4 13. Qe2 Qa6 14. Qf2 O-O 15.
Bd2 Nd3 16. Qh4 Nxb2 17. e5 Nc4 18. Rad1 dxe5 19. Ne4 Nxd2 20. Rxd2 exf4 21.
Qxf4 Nf6 22. Nxf6+ Qxf6 23. Qxf6 Bxf6 24. Rc1 Ra5 25. d6 e6 26. Rdc2 Rd8 27.
Rd1 Ra6 28. Rxc5 Raxd6 29. Rxd6 Rxd6 30. a4 Rd1+ 31. Kf2 Ra1 32. Rc8+ Kg7 33.
Ra8 Ra2+ 34. Kf1 Bc3 35. Rc8 Ra3 36. Rc4 h6 37. Ke2 f5 38. h3 Kf6 39. g4 Be5
40. h4 Ra2+ 41. Kd3 Ra3+ 42. Ke2 fxg4 43. Rxg4 Ra2+ 44. Kd3 Ra3+ 45. Ke2 h5 46.
Rc4 Bg3 47. Nd2 e5 48. Ne4+ Kf5 49. Nd6+ Ke6 50. Nb5 Ra2+ 51. Kf3 Be1 52. Rc6+
Kd5 53. Rxg6 Rxa4 54. Nc7+ Kc5 55. Ne6+ Kd5 56. Nc7+ Kc5 57. Ne6+ Kc4 58. Ke4
Bc3 59. Ke3 Bd4+ 60. Ke4 Ra3 61. Nxd4 exd4 62. Rc6+ Kb5 63. Rd6 d3 64. Rxd3
1/2-1/2

[Event "4NCL/Div2/WES1 vs. MMNWE2"]
[Site "West Bromwich ENG"]
[Date "2003.10.18"]
[Round "1.3"]
[White "Corkett, Anthony R"]
[Black "Hague, Ben"]
[Result "1/2-1/2"]
[WhiteElo "2314"]
[BlackElo "2227"]
[PlyCount "40"]
[EventDate "2003.10.18"]

1. Nf3 d6 2. e4 g6 3. d4 Bg7 4. Bd3 Nc6 5. c3 e5 6. h3 Nf6 7. O-O O-O 8. Re1
Nh5 9. Bf1 h6 10. Na3 Nf4 11. dxe5 dxe5 12. Qxd8 Rxd8 13. Bxf4 exf4 14. Nb5 Rd7
15. Rad1 Re7 16. Nbd4 Bd7 17. Nb3 Ne5 18. Nxe5 Bxe5 19. Nc5 Bc6 20. Nd3 a5
1/2-1/2

[Event "4NCL/Div2/WES1 vs. MMNWE2"]
[Site "West Bromwich ENG"]
[Date "2003.10.18"]
[Round "1.4"]
[White "Charleshouse, Glenn L"]
[Black "Yeo, Michael J"]
[Result "1-0"]
[WhiteElo "2238"]
[BlackElo "2244"]
[PlyCount "83"]
[EventDate "2003.10.18"]

1. e4 Nc6 2. Nf3 e5 3. Bb5 a6 4. Bxc6 dxc6 5. O-O f6 6. d4 exd4 7. Nxd4 c5 8.
Ne2 Qxd1 9. Rxd1 Bd7 10. Nbc3 O-O-O 11. Be3 Re8 12. Rd2 Bc6 13. Rad1 b6 14. f3
Ne7 15. Nf4 Ng6 16. Nxg6 hxg6 17. Bf4 c4 18. Nd5 Bc5+ 19. Kh1 Bxd5 20. Rxd5 Rd8
21. Rxd8+ Rxd8 22. Rxd8+ Kxd8 23. g3 b5 24. Kg2 b4 25. Kf1 Kd7 26. Ke2 Kc6 27.
b3 cxb3 {(=)} 28. cxb3 Bb6 29. Kd3 Kb5 30. h4 c5 31. Bd6 a5 32. Bf8 c4+ 33.
bxc4+ Ka4 34. c5 Bd8 35. Kc2 Kb5 36. g4 f5 37. e5 fxg4 38. fxg4 Bxh4 39. e6 a4
40. e7 Bxe7 41. Bxe7 Kc6 42. g5 1-0

[Event "4NCL/Div2/WES1 vs. MMNWE2"]
[Site "West Bromwich ENG"]
[Date "2003.10.18"]
[Round "1.5"]
[White "Allicock, Rawle A"]
[Black "Hulmes, David I"]
[Result "1-0"]
[WhiteElo "2279"]
[BlackElo "2170"]
[PlyCount "69"]
[EventDate "2003.10.18"]

1. e4 e5 2. Nf3 Nc6 3. Bb5 f5 4. d3 fxe4 5. dxe4 Nf6 6. O-O Bc5 7. Bg5 d6 8.
Qe2 O-O 9. Bxc6 bxc6 10. Nxe5 Qe8 11. Bxf6 Rxf6 12. Nd3 Ba6 13. Nd2 Qf7 14. b3
Rf8 15. c4 Bd4 16. Rac1 Bc8 17. b4 Qg6 18. Kh1 Re8 19. Rfe1 d5 20. cxd5 cxd5
21. Rxc7 Ba6 22. f3 Qh6 23. h3 Qh4 24. Rcc1 Rh6 25. a4 Qg3 26. b5 Bc8 27. Rxc8
Rxc8 28. exd5 Rf8 29. a5 Kh8 30. Ne5 g5 31. Ng4 Rh4 32. Ne4 Rxh3+ 33. gxh3
Qxh3+ 34. Nh2 Be5 35. Nxg5 1-0

[Event "4NCL/Div2/WES1 vs. MMNWE2"]
[Site "West Bromwich ENG"]
[Date "2003.10.18"]
[Round "1.6"]
[White "Hughes, Howard R"]
[Black "Neil, David R"]
[Result "1-0"]
[WhiteElo "2144"]
[BlackElo "2181"]
[PlyCount "41"]
[EventDate "2003.10.18"]

1. e4 d6 2. d4 g6 3. Nc3 Bg7 4. Bc4 c6 5. Nf3 b5 6. Bb3 Nd7 7. O-O e6 8. d5 Nc5
9. Nd4 Bxd4 10. Qxd4 e5 11. Qe3 b4 12. Ne2 Nxb3 13. axb3 c5 14. f4 Nf6 15. fxe5
Ng4 16. Qg3 Nxe5 17. Bg5 Qc7 18. Bf6 O-O 19. Qh4 Ng4 20. Be7 Re8 21. Rxf7 1-0